| 000 | 00366nam a2200157Ia 4500 | ||
|---|---|---|---|
| 008 | 210716s9999 xx 000 0 und d | ||
| 020 | _a8170292565 | ||
| 041 | _aeng | ||
| 082 | _a005.133 KANY | ||
| 100 | _aKanetkar, Yashavant. | ||
| 245 | _aC projects. | ||
| 250 | _a1 | ||
| 260 |
_aNew Delhi _bBPB Publications |
||
| 300 | _axi,596 | ||
| 650 | _aC Programming | ||
| 999 |
_c182796 _d182796 |
||